Иммунопрофилактика у детей (Запись № 3922501)

Подробности
000 -МАРКЕР
контрольное поле 02026nam1a2200337 i 4500
001 - ИДЕНТИФИКАТОР ЗАПИСИ
контрольное поле RU\NLR\bibl\1979770
005 - ИДЕНТИФИКАТОР ВЕРСИИ
контрольное поле 20260406155805.0
035 ## - ДРУГИЕ СИСТЕМНЫЕ НОМЕРА
Идентификатор записи (NLR Aleph) 001968476
100 ## - ДАННЫЕ ОБЩЕЙ ОБРАБОТКИ
Данные общей обработки 20121217g20129999k y0rusy50 ca
101 0# - ЯЗЫК РЕСУРСА
Язык текста, звукозаписи и т.д. русский
102 ## - СТРАНА ПУБЛИКАЦИИ ИЛИ ПРОИЗВОДСТВА
Страна публикации Российская Федерация
105 ## - ПОЛЕ КОДИРОВАННЫХ ДАННЫХ: ТЕКСТОВЫЕ МАТЕРИАЛЫ, МОНОГРАФИЧЕСКИЕ
Кодированные данные о монографическом текстовом документе ||||z |||||
200 1# - ЗАГЛАВИЕ И СВЕДЕНИЯ ОБ ОТВЕТСТВЕННОСТИ
Основное заглавие Иммунопрофилактика у детей
Сведения, относящиеся к заглавию учебное пособие
Первые сведения об ответственности Баранов А.А., Намазова-Баранова Л.С., Галицкая М.Г.
Последующие сведения об ответственности Союз педиатров России [и др.]
210 ## - ПУБЛИКАЦИЯ, РАСПРОСТРАНЕНИЕ И ДР.
Место издания, распространения и т.д. Москва
Имя издателя, распространителя и т. д. ПедиатрЪ
Дата издания, распространения и т.д. 2012
215 ## - ФИЗИЧЕСКАЯ ХАРАКТЕРИСТИКА
Размеры 24
225 1# - СЕРИЯ
Основное заглавие серии Болезни детского возраста от А до Я
Обозначение тома вып. 1
300 ## - ОБЩИЕ ПРИМЕЧАНИЯ
Текст примечания В надзаг. также: Федер. гос. бюджет. учреждение Науч. центр здоровья детей РАМН, Гос. бюджет. образоват. учреждение высш. проф. образования Первый Моск. гос. мед. ун-т им. И.М. Сеченова, Педиатр. фак., Каф. аллергологии и клинич. иммунологии, Каф. педиатрии и дет. ревматологии
463 #0 - УРОВЕНЬ ФИЗИЧЕСКОЙ ЕДИНИЦЫ
Встроенное поле 0011884226
606 ## - НАИМЕНОВАНИЕ ТЕМЫ КАК ПРЕДМЕТ
Наименование темы Инфекционные болезни детей
Формальный подзаголовок Учебные издания
Тематический подзаголовок Иммунопрофилактика
Системный номер авторитетной/нормативной записи 2129161
Идентификатор авторитетной/нормативной записи RU\NLR\auth\661588697
686 ## - ИНДЕКСЫ ДРУГИХ КЛАССИФИКАЦИЙ
Индекс Р733.514-8я77
686 ## - ИНДЕКСЫ ДРУГИХ КЛАССИФИКАЦИЙ
Индекс Р193.95я77
700 #1 - ИМЯ ЛИЦА - ПЕРВИЧНАЯ ОТВЕТСТВЕННОСТЬ
Код отношения Автор
Графика поля Кириллица
Материалы, к которым относится поле rus
Начальный элемент ввода Баранов
Часть имени, кроме начального элемента ввода А. А.
Дополнения к именам, кроме дат д-р мед. наук, педиатр
Даты 1941-
Расширение инициалов личного имени Александр Александрович
Системный номер авторитетной/нормативной записи 117875
Идентификатор авторитетной/нормативной записи RU\NLR\auth\777953
701 #1 - ИМЯ ЛИЦА - АЛЬТЕРНАТИВНАЯ ОТВЕТСТВЕННОСТЬ
Код отношения Автор
Графика поля Кириллица
Материалы, к которым относится поле rus
Начальный элемент ввода Намазова-Баранова
Часть имени, кроме начального элемента ввода Л. С.
Даты 1963-
Расширение инициалов личного имени Лейла Сеймуровна
Системный номер авторитетной/нормативной записи 85135
Идентификатор авторитетной/нормативной записи RU\NLR\auth\77102209
701 #1 - ИМЯ ЛИЦА - АЛЬТЕРНАТИВНАЯ ОТВЕТСТВЕННОСТЬ
Начальный элемент ввода Галицкая
Часть имени, кроме начального элемента ввода М. Г.
Расширение инициалов личного имени Марина Геннадьевна
Код отношения Автор
801 #0 - ИСТОЧНИК ЗАПИСИ
Страна Российская Федерация
Организация NLR
Дата составления 20121217
Правила каталогизации RCR
801 #1 - ИСТОЧНИК ЗАПИСИ
Страна Российская Федерация
Организация NLR
Дата составления 20121217
852 ## - МЕСТОНАХОЖДЕНИЕ И ШИФР ХРАНЕНИЯ
Идентификатор организации NLR
Шифр хранения (Call Number) 2012-7/1745
942 ## - ДОПОЛНИТЕЛЬНЫЕ ЭЛЕМЕНТЫ ЗАПИСИ (АБИС)
Тип экземпляра АБИС Книга
980 ## - КОЛЛЕКЦИЯ
Название коллекции НБР

Нет доступных экземпляров.